Southville International School and Colleges
Your cart is empty.
  • Cart
  • Lists
    Public lists Eva Luna New books Lux_list list_1
    Your lists Log in to create your own lists
  • Log in to your account
  • Your cookies
  • Search history
Southville International School and Colleges
  • Advanced search
  • Recent comments
  • Most popular
  • Libraries

Log in to your account

Log in with GOOGLE


If you do not have an external account, but do have a local account, you can still log in:

  1. Home
  2. MARC view: Travel perspectives :
Normal view MARC view ISBD view

Travel perspectives : (Record no. 291105)

[ view plain ]
MARC details
000 -LEADER
fixed length control field 00710nam a2200253Ia 4500
008 - FIXED-LENGTH DATA ELEMENTS--GENERAL INFORMATION
fixed length control field 160303s9999 xx 000 0 und d
020 ## - INTERNATIONAL STANDARD BOOK NUMBER
International Standard Book Number 978-1-4180-1649-4
050 ## - LIBRARY OF CONGRESS CALL NUMBER
Classification number MAIN G 154
050 ## - LIBRARY OF CONGRESS CALL NUMBER
Item number .G67 2007
100 ## - MAIN ENTRY--PERSONAL NAME
Personal name Gorham, Ginger
245 ## - TITLE STATEMENT
Title Travel perspectives :
245 ## - TITLE STATEMENT
Remainder of title a guide to becoming a travel professional /
245 ## - TITLE STATEMENT
Statement of responsibility, etc Ginger Gorham, Susan Rice.
250 ## - EDITION STATEMENT
Edition statement 4th Edition
260 ## - PUBLICATION, DISTRIBUTION, ETC. (IMPRINT)
Place of publication, distribution, etc New York :
260 ## - PUBLICATION, DISTRIBUTION, ETC. (IMPRINT)
Name of publisher, distributor, etc Thomson Delmar Learning.
260 ## - PUBLICATION, DISTRIBUTION, ETC. (IMPRINT)
Date of publication, distribution, etc 2007
300 ## - PHYSICAL DESCRIPTION
Extent 366 pages :
300 ## - PHYSICAL DESCRIPTION
Other physical details color illustrations ;
300 ## - PHYSICAL DESCRIPTION
Dimensions 28 cm.
500 ## - GENERAL NOTE
General note Includes bibliographical references and index.
650 ## - SUBJECT ADDED ENTRY--TOPICAL TERM
Topical term or geographic name as entry element Travel agents --
650 ## - SUBJECT ADDED ENTRY--TOPICAL TERM
General subdivision Vocational guidance.
Holdings
Withdrawn status Lost status Damaged status Home library Current library Shelving location Date acquired Total Checkouts Full call number Barcode Date last seen Price effective from Koha item type
      South Mansfield College South Mansfield College Reserve Section     MAIN G 154 .G67 2007 SMC03972 03/03/2016 03/03/2016  

Travel perspectives :

APA

Gorham G., .Travel perspectives. New York: .

Chicago

Gorham Ginger, .Travel perspectives. New York: .

Harvard

Gorham G., .Travel perspectives. New York: .

MLA

Gorham Ginger, .New York: . .

  • Place hold
  • Print
  • Cite
  • Add to your cart (remove)
  • Save record
    BIBTEX Dublin Core MARCXML MARC (non-Unicode/MARC-8) MARC (Unicode/UTF-8) MARC (Unicode/UTF-8, Standard) MODS (XML) RIS
  • More searches
    Search for this title in:
    Other Libraries (WorldCat) Other Databases (Google Scholar) Online Stores (Bookfinder.com) Open Library (openlibrary.org)

Exporting to Dublin Core...

SOUTHVILLE LIBRARY

Southville International School and Colleges Library

1281 Tropical Ave. Cor. Luxembourg St., BF Homes International, Las Pinas City

Tel. No. 8256374 / 252358 Loc. 117/146

Powered by Koha